Normal view
MARC view
Entry Topical Term
001 - CONTROL NUMBER
- control field: 42866
003 - CONTROL NUMBER IDENTIFIER
- control field: dpl
005 - DATE AND TIME OF LATEST TRANSACTION
- control field: 20120223144821.0
008 - FIXED-LENGTH DATA ELEMENTS
- fixed length control field: 120223|||a|||||| | ||| d
040 ## - CATALOGING SOURCE
- Original cataloging agency: dpl
- Transcribing agency: dpl
150 ## - HEADING--TOPICAL TERM
- Topical term or geographic name as entry element: Indic literature
670 ## - SOURCE DATA FOUND
- Source citation: Work cat.: (dpl)41332: Raveendran, P. P. 42865, Text histories geographies :, 2009
670 ## - SOURCE DATA FOUND
- Source citation: Work cat.: (dpl)41332: Raveendran, P. P. 42865, Text histories geographies :, 2009
